Central Library OPAC University of Rajshahi

An introduction to the mathematics of servomechanisms / (Record no. 68455)

MARC details
000 -LEADER
fixed length control field 00779nam a2200265 a 4500
001 - CONTROL NUMBER
control field 68455
003 - CONTROL NUMBER IDENTIFIER
rucl marc code BD-RjUL
005 - DATE AND TIME OF LATEST TRANSACTION
control field 20211209081756.0
008 - FIXED-LENGTH DATA ELEMENTS--GENERAL INFORMATION
fixed length control field 170403s1971 enka 001 0 eng d
035 ## - SYSTEM CONTROL NUMBER
System control number (BD-RjUL) 68665
040 ## - CATALOGING SOURCE
Original cataloging agency DLC
Transcribing agency ODaWU
Modifying agency BD-RjUL
Language of cataloging eng
041 ## - LANGUAGE CODE
Language code of text/sound track or separate title eng
082 ## - DEWEY DECIMAL CLASSIFICATION NUMBER
Edition number 23
Classification number 621.8
Author mark and year DOI 1971
100 1# - MAIN ENTRY--PERSONAL NAME
Personal name Douce, J. L.
9 (RLIN) 202930
245 13 - TITLE STATEMENT
Title An introduction to the mathematics of servomechanisms /
Statement of responsibility, etc. J. L.Douce
250 ## - EDITION STATEMENT
Edition statement 1st. ed.
260 ## - PUBLICATION, DISTRIBUTION, ETC. (IMPRINT)
Place of publication, distribution, etc. London :
Name of publisher, distributor, etc. English Language Book Soc. ,
Date of publication, distribution, etc. 1971
300 ## - PHYSICAL DESCRIPTION
Pagination x, 240 p.
Illustrations ill.;
490 0# - SERIES STATEMENT
Series statement Applied mathematics series
504 ## - BIBLIOGRAPHY, ETC. NOTE
Bibliography, etc Bibliography: p.[233]-236. 7 Index.
650 ## - SUBJECT ADDED ENTRY--TOPICAL TERM
Topical term or geographic name as entry element Machine Engineering
9 (RLIN) 144847
856 ## - ELECTRONIC LOCATION AND ACCESS
Materials specified Applied mathematics series
942 ## - ADDED ENTRY ELEMENTS (KOHA)
Source of classification or shelving scheme Dewey Decimal Classification
Koha item type Books
Holdings
Lost status Source of classification or shelving scheme Damaged status Not for loan Collection code Permanent Location Current Location Shelving location Date acquired Source of acquisition Total Checkouts Full call number Date last seen Copy number Koha item type
  Dewey Decimal Classification   Not For Loan Non-fiction Central Library, University of Rajshahi Central Library, University of Rajshahi Reading Room 02/05/1984 British Council   621.8 DOI 1971 03/04/2017 C-1 Books